Historia de la poesía hispano-americana; tomo ii /

Guardado en:
Autor Principal: Menéndez y Pelayo, Marcelino
Formato: Libro
Publicado: Santander (españa) : Aldus, 1948
Etiquetas: Agregar Etiqueta
Sin Etiquetas, Sea el primero en etiquetar este registro!
LEADER 00451nam a22001455a 4500
001 CEM.cems004304
005 20060216000000.0
008 130507s1948##################000#0#####d
003 CEMS
082 0 4 |a H861.09 
100 1 |a Menéndez y Pelayo, Marcelino 
245 1 0 |a Historia de la poesía hispano-americana; tomo ii / 
260 |a Santander (españa) :  |b Aldus,  |c 1948 
300 |a 488 p.1 
859 |a CEMS  |b BIB. CEMS - 11 de abril  |h H861.09  |i M524/  |p 6561.78  |t Ej.1  |v II  |3 II